[Event "Tatry Open 2018"]
[Site "Tatranska Lomnica"]
[Date "2018.09.30"]
[Round "1"]
[White "Krnan, Tomas"]
[Black "Bosak, Jan"]
[Result "1-0"]
[WhiteElo "2430"]
[BlackElo "2079"]
[Annotator "TA"]
[PlyCount "33"]
[EventDate "2018.09.30"]
[EventType "swiss"]
[EventCountry "SVK"]
[SourceTitle "playchess.com"]
[Source "ChessBase"]
[SourceQuality "1"]

{[%evp 22,33,34,25,53,59,41,49,66,71,257,260,286,277]} 1. e4 e5 2. Nf3 Nc6 3. Bb5 {[%cal Bf1b5,Bb5a4,Ba4b3][%mdl 32]} a6 4. Ba4 Nf6 5. O-O b5 6. Bb3 Bb7 7. d3 Bc5 8. a4 d6 9. Nc3 b4 10. Nd5 h6 11. a5 {C78: Ruy Lopez: Archangelsk and Möller Defences} O-O 12. Be3 {LiveBook: 7 Games} Bxe3 (12... Nd7 13. c3 bxc3 14. bxc3 Rb8 15. Bc4 Bxe3 16. Nxe3 Kh7 17. Qc2 Ne7 {½-½ (69) Leko,P (2707)-Bachmann,A (2593) Berlin 2015}) 13. Nxf6+ {White is slightly better.} Qxf6 14. fxe3 Rab8 $146 ({Predecessor:} 14... Ne7 15. Qe1 c5 16. c3 bxc3 17. bxc3 Ng6 {1-0 (36) Andriulaitis,V (2590)-Haufe,W (2381) Switzerland 2003}) 15. Qe1 Ba8 $2 {[#]} (15... Qd8 $16) 16. Nh4 $18 Qd8 17. Ng6 1-0

[Event "Tatry Open 2018"]
[Site "Tatranska Lomnica"]
[Date "2018.09.30"]
[Round "1"]
[White "Vojta, Tomas"]
[Black "Domanski, Lukasz"]
[Result "1-0"]
[WhiteElo "2349"]
[BlackElo "2076"]
[Annotator "TA"]
[PlyCount "61"]
[EventDate "2018.09.30"]
[EventType "swiss"]
[EventCountry "SVK"]
[SourceTitle "playchess.com"]
[Source "ChessBase"]
[SourceQuality "1"]

{[%evp 13,61,-33,-33,-33,-33,-35,-43,-35,-33,-46,-47,-62,-45,-39,-31,-43,0,0,0,-32,-33,-29,-45,-55,-63,-71,38,29,31,31,28,28,60,62,356,369,418,326,324,218,261,295,481,475,447,441,762,760,29988,29989]} 1. e4 Nf6 2. e5 Nd5 3. c4 {[%cal Bc2c4,Bc4c5][%mdl 32]} Nb6 4. c5 Nd5 5. Bc4 e6 6. Nc3 Nxc3 7. dxc3 Nc6 8. Qh5 {B02: Alekhine's Defence: Chase Variation and lines with early Nc3} Bxc5 9. Nf3 g6 10. Qh6 $146 {Black is slightly better.} ({Predecessor:} 10. Qg4 f6 11. h4 Nxe5 12. Nxe5 fxe5 13. h5 g5 14. h6 Qf6 15. Bd3 Bxf2+ {1-0 (42) Gelemerov,I (2398)-Bullockus,T (2223) ICCF email 2000}) 10... Bf8 $1 {[%cal Rf8h6]} 11. Qf4 Bg7 12. Be3 b6 13. h4 h5 14. Qg3 Qe7 15. O-O Bb7 16. b4 d6 {[%cal Rc6e5]} 17. Bg5 Qd7 {[%cal Rc6e5]} 18. exd6 cxd6 19. Rad1 {[#]} O-O (19... d5 $1 $17 20. b5 Ne7) 20. Rxd6 $14 Qc7 21. Rfd1 $36 {[%mdl 2048] White is more active.} Nxb4 (21... Bxc3 $2 22. Rxe6 Qxg3 23. Rxg6+ Bg7 24. fxg3 $18) 22. Bxe6 $1 Bxf3 ({Avoid the trap} 22... Bxc3 $2 23. Bd8 $18) (22... Qxc3 $2 23. Bb3 $18) 23. gxf3 {[#] And now Bb3 would win.} Qxc3 $2 {[%mdl 8192]} (23... fxe6 $14 24. cxb4 Qc2) 24. Bb3 $18 Kh8 25. Rd7 Rae8 26. Be7 ({Resist} 26. Rxf7 Rxf7 27. Bxf7 Rf8 $18) ({Less strong is} 26. Rxa7 Nc6 $16) 26... Rxe7 27. Rxe7 Nc6 $2 (27... Qf6) 28. Rxf7 Rxf7 29. Bxf7 Nd4 (29... Ne5 $142 30. Bxg6 Nxf3+ 31. Kh1 Qf6) 30. Qxg6 Qxf3 31. Rxd4 {Precision: White = 61%, Black = 41%.} 1-0

[Event "Tatry Open 2018"]
[Site "Tatranska Lomnica"]
[Date "2018.09.30"]
[Round "1"]
[White "Zylka, Stanislaw"]
[Black "Jablonicky, Frantisek"]
[Result "1-0"]
[WhiteElo "2327"]
[BlackElo "2069"]
[Annotator "TA"]
[PlyCount "113"]
[EventDate "2018.09.30"]
[EventType "swiss"]
[EventCountry "SVK"]
[SourceTitle "playchess.com"]
[Source "ChessBase"]
[SourceQuality "1"]

{[%evp 9,113,20,29,29,55,45,47,53,78,64,64,58,81,40,78,54,62,62,65,59,64,65,79,20,91,83,97,42,100,0,101,106,248,261,256,113,243,237,243,235,231,187,180,186,177,179,183,182,261,234,205,152,152,152,152,152,152,152,152,152,153,153,152,26,26,26,37,20,20,20,20,20,20,18,20,20,20,8,20,20,20,20,20,20,20,20,20,20,20,20,140,140,140,140,29960,29963,29959,29963,29966,29961,29961,29966,29963,29962,29968,29970]} 1. d4 f5 2. Bg5 h6 3. Bh4 c5 4. e3 (4. e4 Qb6 5. Nd2 fxe4 6. Nc4 Qg6 7. Ne5 Qf5 8. Ne2 cxd4 9. Bg3 Nc6 10. Nxd4 Nxd4 11. Qxd4 Nf6 {1-0 (48) Rajlich,V (2551)-Alansacount (2551) playchess.com INT 2006}) 4... Qb6 5. Bg3 Nf6 $146 ({Predecessor:} 5... cxd4 6. Qxd4 Qxd4 7. exd4 Nf6 8. f3 Nc6 9. c3 a6 10. a4 d6 11. Nd2 Rb8 {0-1 (41) Vlaskov,A-Lagvilava,G (2210) Smolensk 1992}) 6. Nc3 {A80: Dutch Defence: Unusual White second moves} cxd4 7. Qxd4 Qxd4 8. exd4 {White is slightly better.} d6 9. O-O-O g5 10. f3 Bg7 11. Nge2 O-O 12. d5 Nbd7 13. h4 f4 14. Bf2 Ne5 15. hxg5 hxg5 16. Nd4 (16. Nb5 $1 $16) 16... Bd7 (16... Kf7 $1 $11 {remains equal.}) 17. Bb5 Bc8 18. Be2 (18. Ba4 $16) 18... Bd7 (18... Kf7 $14) 19. Rdg1 (19. Ne6 $16) 19... a6 (19... Kf7 $1 $11) 20. g3 $16 b5 (20... fxg3 $16 21. Rxg3 (21. Bxg3 Nh7 $16) 21... g4) 21. gxf4 $18 gxf4 22. a3 (22. Ne6 $18 {is the precise move to win.} Bxe6 23. dxe6) 22... Rac8 (22... Kf7 $16) 23. Ne6 $1 {[%csl Ge6][%cal Rg1g7]} Rf7 24. Bd4 {Threatens to win with Bxe5.} ({Weaker is} 24. Nxf4 Nfg4 $16) 24... Rxc3 25. bxc3 {Hoping for Bxe5.} Nxd5 26. Nxg7 Rxg7 {[#]} 27. c4 $1 {[%mdl 512]} Ne3 (27... bxc4 28. Bxc4) 28. cxb5 Bxb5 (28... axb5 $142 29. Rxg7+ Kxg7) 29. Bxb5 axb5 30. Bxe5 dxe5 {[%mdl 4096] Endgame KRR-KRN} 31. Kd2 {Kd3 is the strong threat.} Nc4+ 32. Kd3 {aiming for a4.} Nxa3 33. Ke4 Nxc2 34. Kxe5 Ne3 35. Kxf4 Nc4 36. Kf5 ({White should play} 36. Rxg7+ $16 Kxg7 37. Kf5) 36... Rxg1 $11 37. Rxg1+ {KR-KN} Kf7 38. f4 Nd6+ 39. Ke5 Nc4+ $1 40. Kd4 Kf6 41. Rg5 Nd6 42. Re5 e6 43. Rc5 Nf5+ 44. Kd3 Nd6 45. Rc6 Nc4 46. Ke4 {Strongly threatening f5.} Nd2+ 47. Ke3 Nc4+ 48. Kf3 Nd2+ 49. Kg4 Ke7 (49... Nc4 $11 {keeps the balance.}) 50. Rb6 $16 Ne4 51. Rxb5 Nf6+ $2 {[%mdl 8192] [#]} (51... Kf6 $16 52. Rb6 Kf7) 52. Kg5 $1 {White mates.} Ne4+ {[#]} 53. Kg6 $1 Nd6 54. Ra5 Nc4 55. Ra7+ Kd6 56. Kf6 Kd5 57. Re7 {Precision: White = 56%, Black = 48%.} 1-0

[Event "Tatry Open 2018"]
[Site "Tatranska Lomnica"]
[Date "2018.09.30"]
[Round "1"]
[White "Malik, Jan"]
[Black "Paulovic, Martin"]
[Result "1-0"]
[WhiteElo "2300"]
[BlackElo "2052"]
[Annotator "TA"]
[PlyCount "63"]
[EventDate "2018.09.30"]
[EventType "swiss"]
[EventCountry "SVK"]
[SourceTitle "playchess.com"]
[Source "ChessBase"]
[SourceQuality "1"]

{[%evp 13,63,73,77,78,81,54,82,47,131,143,146,130,145,90,141,135,143,150,135,83,84,55,120,115,124,122,134,123,120,99,206,193,269,263,282,275,336,334,441,433,431,425,425,417,436,420,419,417,447,419,426,426]} 1. e4 g6 2. d4 Bg7 3. Nc3 d6 4. Be3 c6 5. Qd2 b5 6. Bd3 a6 7. f4 {B06: Modern Defence} Nd7 {LiveBook: 3 Games} 8. Nf3 Ngf6 9. h3 {White is better.} Bb7 10. O-O $146 ({Predecessor:} 10. e5 dxe5 11. fxe5 Nd5 12. Nxd5 cxd5 13. O-O e6 14. Bh6 Bxh6 15. Qxh6 {1-0 (40) Starostits,I (2497)-Fernandez Garcia,I (1988) Parla 2008}) 10... Qc7 {[#]} (10... c5 $14) 11. e5 $1 $16 {[%cal Re5f6]} Nd5 12. Nxd5 cxd5 13. Qe1 Nf8 (13... O-O $142) 14. a4 bxa4 15. Rxa4 dxe5 16. fxe5 (16. dxe5 $142 Ne6 17. Ra3) 16... Ne6 17. Qh4 Qb6 (17... O-O $14) 18. Ra3 Bc6 19. Rb3 Qd8 20. Ng5 $36 {[%mdl 2048] White is in control.} Nxg5 21. Bxg5 h6 (21... Ra7 $16) 22. Bd2 {[#] Hoping for Bxg6!} e6 (22... Bb5 $142 23. e6 (23. Bxb5+ axb5 24. Rbf3 O-O $18) 23... Bf6 24. exf7+ (24. Bxb5+ axb5 25. exf7+ Kxf7 $16) 24... Kxf7 25. Bxb5 axb5 26. Rxb5 Kg7) 23. Qf2 $18 {[%csl Gf1][%cal Rf2f7]} O-O 24. Bb4 Ra7 25. Bc5 Rb7 26. Rxb7 Bxb7 27. Bxf8 Qxf8 28. Qe2 Qb4 29. c3 Qb6 30. Rf2 a5 31. Qf1 Qc7 32. Bb5 {Precision: White = 86%, Black = 26%.} 1-0

[Event "Tatry Open 2018"]
[Site "Tatranska Lomnica"]
[Date "2018.09.30"]
[Round "1"]
[White "Borsos, Bogdan"]
[Black "Koval, Anton"]
[Result "1/2-1/2"]
[WhiteElo "2266"]
[BlackElo "2037"]
[Annotator "TA"]
[PlyCount "55"]
[EventDate "2018.09.30"]
[EventType "swiss"]
[EventCountry "SVK"]
[SourceTitle "playchess.com"]
[Source "ChessBase"]
[SourceQuality "1"]

{[%evp 14,55,38,37,38,53,36,33,52,47,50,47,37,-33,-29,-31,-27,-28,-20,-25,0,-10,12,-25,-33,-46,-51,-38,-43,-76,-68,-65,-68,-105,-99,-98,-109,-117,-67,-64,-75,-104,-63,-94]} 1. Nf3 Nf6 2. c4 g6 3. b3 Bg7 4. Bb2 d6 5. d4 O-O 6. g3 c5 7. Bg2 Nc6 8. d5 {LiveBook: 20 Games. E60: King's Indian: Unusual lines and Fianchetto Variation without Nc3} Nb4 (8... Na5 9. Nfd2 a6 10. a4 e6 11. Na3 exd5 12. cxd5 Bd7 13. Ra2 b5 14. O-O bxa4 15. bxa4 Rb8 {1-0 (52) Jobava,B (2705)-Brunello,S (2555) Heraklio 2017}) 9. a3 Na6 10. O-O {White is slightly better.} Bg4 11. h3 Bd7 12. Re1 $146 ({Predecessor:} 12. Nfd2 Nc7 13. a4 a6 14. a5 Rb8 15. Nc3 e5 16. dxe6 fxe6 17. Qc2 {½-½ (30) Weindl,A-Karl,H (2310) Koenigsfeld 1985}) 12... Qc8 13. Kh2 {[#]} ({Better is} 13. h4 $14) 13... Ng4+ $1 $15 {[%mdl 512]} 14. hxg4 {And now Bxg7 would win.} Bxb2 15. Ra2 Bg7 16. g5 Rb8 17. e4 Bg4 18. Qd2 b5 19. Nc3 bxc4 20. bxc4 Nc7 21. Nd1 Rb3 $36 {[%mdl 2048] Black has the initiative.} 22. Re3 Qb7 23. Rxb3 Qxb3 24. Ne3 Bxf3 25. Bxf3 Rb8 {[#] ...Bb2 is the strong threat.} 26. Bd1 $1 {[%cal Rd1b3]} Qb1 27. Qc2 Qxc2 28. Nxc2 {Precision: White = 41%, Black = 58%.} 1/2-1/2

[Event "Tatry Open 2018"]
[Site "Tatranska Lomnica"]
[Date "2018.09.30"]
[Round "1"]
[White "Ruckschloss, Karol"]
[Black "Sturc, Jan"]
[Result "1-0"]
[WhiteElo "2253"]
[BlackElo "2036"]
[Annotator "TA"]
[PlyCount "61"]
[EventDate "2018.09.30"]
[EventType "swiss"]
[EventCountry "SVK"]
[SourceTitle "playchess.com"]
[Source "ChessBase"]
[SourceQuality "1"]

{[%evp 12,61,22,20,72,52,60,15,73,20,53,49,81,73,74,24,149,95,139,141,196,205,207,207,217,218,205,208,206,65,190,170,232,238,324,355,341,310,325,252,413,419,394,410,825,806,781,771,851,843,677,662]} 1. c4 Nf6 2. d4 e6 3. Nf3 d5 4. e3 c6 5. Bd3 dxc4 6. Bxc4 b5 7. Bd3 {LiveBook: 76 Partien. D30: Damengambit (ohne Sc3)} (7. Be2 Bb7 8. O-O Nbd7 9. a4 a6 10. b3 Bd6 11. Bb2 O-O 12. Nbd2 Qb8 13. Qc2 Rc8 14. Rfc1 c5 15. Qb1 b4 16. h3 Be7 17. Rc2 Nd5 {0-1 (60) Lindgren,P (2394)-Erenburg,S (2563) Philadelphia 2018}) 7... Bb4+ (7... a6 $11) 8. Bd2 Be7 $146 ({Vorgänger:} 8... Qa5 9. O-O Nbd7 10. Qc2 Bb7 11. e4 h6 12. a3 Bxd2 13. Nbxd2 O-O 14. b4 Qb6 {1-0 (31) Hurba Nunes,A (1976)-Salles,S (1750) Santos 2009}) 9. b4 {Weiß steht etwas besser.} O-O (9... a5 $11) 10. a4 ({Günstiger ist} 10. a3 $16) 10... Bb7 11. O-O Na6 12. Qb3 Qd5 13. Qb2 Qh5 (13... Qd6 $11) 14. Ne5 (14. Rc1 $142) 14... Nc7 15. Nc3 a5 (15... a6 $16 {war nötig.} 16. Ne4 Nxe4 17. Bxe4 Bd6) 16. bxa5 $18 b4 17. Ne4 {Und weiter mit Sg3 wäre nett.} Ncd5 18. Nc5 Bxc5 19. dxc5 Ba6 20. Rfc1 (20. Bxa6 $18 Rxa6 21. f3) 20... Rfb8 ({Besser ist} 20... Bxd3 $14 21. Nxd3 Qe2) 21. Bc4 Bxc4 (21... Ng4 $142 22. Nxg4 Qxg4) 22. Rxc4 Qe2 {Schwarz hofft, mit ...Sd7 fortzusetzen.} 23. Re1 Qh5 24. Nxc6 Rc8 25. Nxb4 Rxa5 $2 {[#]} (25... Ng4 {war angesagt.}) 26. Nd3 Raa8 27. e4 Qg6 (27... Nc7 $142 28. Qc3 Nfe8) 28. Ne5 {Weiß steht klar auf Gewinn.} Qh5 29. exd5 exd5 30. Rb4 Ne4 31. Be3 {Precision: Weiß = 49%, Schwarz = 14%.} 1-0

[Event "Tatry Open 2018"]
[Site "Tatranska Lomnica"]
[Date "2018.09.30"]
[Round "1"]
[White "Michalicka, Milan"]
[Black "Hrbek, Stepan"]
[Result "1-0"]
[WhiteElo "2225"]
[BlackElo "2026"]
[Annotator "TA"]
[PlyCount "107"]
[EventDate "2018.09.30"]
[EventType "swiss"]
[EventCountry "SVK"]
[SourceTitle "playchess.com"]
[Source "ChessBase"]
[SourceQuality "1"]

{[%evp 16,107,-2,0,35,35,83,92,127,129,164,146,134,146,163,171,168,91,89,84,121,91,130,77,94,94,95,109,100,92,88,66,133,75,86,37,44,18,23,20,37,8,6,12,20,18,41,43,163,118,118,118,118,118,118,118,118,115,115,113,167,175,189,179,187,187,311,292,304,301,330,330,333,334,477,338,399,215,276,262,300,305,349,345,448,433,436,439,516,508,597,584,613,539]} 1. d4 d5 2. c4 c6 3. Nf3 Nf6 4. Nc3 e6 5. g3 dxc4 6. Bg2 Nbd7 7. O-O b5 8. e4 {E01: Catalan: Early deviations} b4 (8... Bb7 9. e5 Nd5 10. Ng5 h6 11. Nxe6 fxe6 12. Qh5+ Ke7 13. Ne4 Qe8 14. Bg5+ hxg5 15. Qxh8 Kd8 16. Nxg5 Kc8 {0-1 (39) Ipatov,A (2660)-Fedoseev,V (2658) Saint Louis 2017}) 9. e5 {LiveBook: 5 Games} bxc3 10. exf6 {White is slightly better.} Nxf6 11. bxc3 Nd5 12. Ne5 Bd7 13. Qh5 $146 {[%csl Ge5][%cal Rh5f7] [#]} ({Predecessor:} 13. Rb1 Bd6 14. Nxc4 Be7 15. Ne5 Qc7 {1-0 (59) Antic,D (2462)-Cvetkovic,S (2332) Vrnjacka Banja 2014}) 13... g6 14. Qf3 {[%csl Ge5][%cal Rf3f7]} Qf6 15. Qxf6 Nxf6 {[#]} 16. Nxc4 (16. Rb1 $1 $18) 16... Nd5 $16 17. Bd2 Bg7 18. Rab1 Nb6 19. Na5 ({Better is} 19. Nd6+ Ke7 20. Ne4) 19... Rc8 20. Nb7 {[%cal Ba5b7,Bb7c5,Bc5e4][%mdl 32] Black must now prevent Nd6+.} O-O 21. Nc5 Rfd8 22. Bg5 f6 23. Bf4 {And now Bh3 would win.} g5 (23... e5 $14 24. Nxd7 Nxd7) 24. Be3 (24. Bd6 $142) 24... Bf8 25. Ne4 Be7 26. Bh3 g4 27. Bg2 {[%cal Bh3g2,Bg2f3,Bf3e2][%mdl 32]} Be8 28. f3 gxf3 29. Bxf3 Bg6 30. Rbe1 $36 {[%mdl 2048] White fights for an advantage.} Nc4 31. Bh6 {Hoping for Bd1.} Rb8 ({Black should play} 31... c5 $14) 32. Be2 Bxe4 33. Bxc4 Bd5 34. Bxd5 cxd5 35. Rxe6 Kf7 36. Ra6 Rd7 37. Bf4 Rc8 (37... Rb6 $16 38. Rxb6 axb6) 38. Rf3 $18 Kg7 39. Kf1 Rb7 40. Ke2 Rb2+ (40... Rd8 $142 41. Kd3 Rdd7) 41. Kd3 Rb7 42. g4 Rd7 43. Bg3 Rf8 44. Rf5 Bd8 (44... Kf7 $142 45. Bh4 Kg6) 45. Re6 Kf7 46. Re2 (46. Rd6 $142 Rxd6 47. Bxd6) 46... Kg7 47. Ref2 Be7 48. Rb2 Rfd8 49. a4 {[%cal Ba2a4,Ba4a5,Ba5a6][%mdl 32]} Rc8 50. Rb5 {White is clearly winning.} Rcd8 51. a5 Kf7 52. a6 Kg7 53. Rb7 Kf7 54. Rf1 {Precision: White = 62%, Black = 35%.} 1-0

[Event "Tatry Open 2018"]
[Site "Tatranska Lomnica"]
[Date "2018.09.30"]
[Round "1"]
[White "Bolacky, Jiri"]
[Black "Kolman, Richard"]
[Result "1/2-1/2"]
[WhiteElo "2222"]
[BlackElo "2016"]
[Annotator "TA"]
[PlyCount "52"]
[EventDate "2018.09.30"]
[EventType "swiss"]
[EventCountry "SVK"]
[SourceTitle "playchess.com"]
[Source "ChessBase"]
[SourceQuality "1"]

{[%evp 9,52,-1,22,21,33,39,40,25,36,17,22,29,18,14,24,6,18,0,0,-6,-2,-33,0,-32,-40,-43,-6,-36,-18,-24,19,-26,-38,-23,54,15,114,31,33,-276,-278,-583,-583,-544,-554]} 1. e4 c5 2. Nc3 Nc6 3. Bb5 e6 4. Bxc6 bxc6 5. e5 (5. d3 Ne7 6. f4 d5 7. Nf3 Ng6 8. b3 Bd6 9. e5 Be7 10. O-O O-O 11. Na4 f6 12. c4 fxe5 13. fxe5 {0-1 (37) Grischuk,A (2772)-Korobov,A (2652) Huaian 2017}) 5... d5 6. exd6 {B23: Closed Sicilian: Lines without g3} Nf6 $146 ({Predecessor:} 6... Bxd6 7. d3 Rb8 8. Nf3 Nf6 9. O-O Nd5 10. Ne4 Be7 11. Qe2 Qc7 12. c4 Nf6 {0-1 (27) Langhanke,G (2023)-Althoff,F (2021) Germany 2014}) 7. d3 Bxd6 8. Bg5 {White is slightly better.} Rb8 9. Rb1 Qa5 10. Bxf6 gxf6 11. Nge2 f5 12. O-O Qc7 13. h3 Rb4 14. Kh1 Rh4 15. Ng1 Rg8 16. b3 Rh6 17. Nf3 Rhg6 18. Rg1 (18. Nh4 $5 {[%cal Rh4g6]}) 18... Qe7 19. Qe2 Qf6 20. Na4 Qg7 $36 {[%cal Rg6g2][%mdl 2048] Black has some pressure.} 21. Nh4 {[#] And now Nxf5 would win.} Rf6 ({Better is} 21... Rg5 $11 22. Qe3 Rh5) 22. Nb2 Ba6 (22... Qh6 $11 {keeps the balance.} 23. Nc4 Bc7) 23. Qf3 (23. g3 $16) 23... Kd7 $14 {Strongly threatening ...Qh6.} 24. Qe2 $2 {[%mdl 8192]} (24. Nc4 $14 {stays ahead.} Qh6 25. Nxd6 Kxd6 26. g3) 24... Rh6 $19 25. Nf3 $2 {[#]} (25. g3 {was the crucial defense.} f4 26. Na4 fxg3 27. fxg3) 25... Qg4 $1 26. Ne5+ Bxe5 $1 {[%mdl 32768] Precision: White = 15%, Black = 63%. . An unexpected result.} 1/2-1/2

[Event "Tatry Open 2018"]
[Site "Tatranska Lomnica"]
[Date "2018.09.30"]
[Round "1"]
[White "Kostolansky, Sebastian Lukas"]
[Black "Drabek, Miloslav"]
[Result "1-0"]
[WhiteElo "2209"]
[BlackElo "2012"]
[Annotator "TA"]
[PlyCount "67"]
[EventDate "2018.09.30"]
[EventType "swiss"]
[EventCountry "SVK"]
[SourceTitle "playchess.com"]
[Source "ChessBase"]
[SourceQuality "1"]

{[%evp 12,67,27,9,69,54,70,22,22,20,46,25,53,10,23,13,9,-81,-93,-190,100,85,88,31,116,107,245,240,435,429,541,545,879,837,786,735,943,893,1477,1462,1467,1450,1915,1660,1611,1635,1599,1599,1516,1497,5337,5213,2002,2005,1632,1604,29989,29990]} 1. e4 d6 2. d4 Nf6 3. Nc3 g6 4. f4 Bg7 5. Nf3 O-O 6. Be3 Ng4 7. Bg1 {LiveBook: 4 Games. B09: Pirc Defence: Austrian Attack} Nf6 (7... c5 $1 $11) (7... c5 8. dxc5 Bxc3+ 9. bxc3 Qa5 10. Qd2 dxc5 11. c4 Qxd2+ 12. Kxd2 b6 13. Bd3 Bb7 14. h3 Nf6 {½-½ (54) Deshmukh,A (2241)-Peralta,F (2569) Montcada 2017}) 8. Qd2 $14 c6 9. O-O-O {White is slightly better.} b5 {[%cal Bb7b5,Bb5b4][%mdl 32]} 10. Bd3 $1 b4 11. Ne2 $146 ({Predecessor:} 11. Na4 a5 12. c4 bxc3 13. Nxc3 Ba6 14. e5 Nd5 15. Nxd5 cxd5 {1-0 (31) Fingerhut,A (1888)-Schreiber,S (1631) Ditzingen 2005}) 11... a5 12. e5 Nd5 13. h4 Bg4 14. Nh2 {[#]} (14. h5 $11) 14... Bxe2 $1 $17 15. Bxe2 {[#]} (15. Qxe2 $17 a4 16. Rf1) 15... f5 $2 ({Better is} 15... a4 $1 $19 {Threatens to win with ...a3.} 16. a3 Qb6) 16. h5 $16 a4 17. hxg6 (17. Bc4 $16) 17... hxg6 (17... a3 $14) 18. Bc4 Na6 (18... Nd7 $16 {was necessary.}) 19. Nf3 $18 e6 $2 (19... Nac7 20. Qxb4 Ne6) 20. Ng5 Qe7 21. g3 Rfd8 22. Qh2 Kf8 23. Qh7 Qe8 {[#]} 24. Rh6 $1 {[%mdl 512]} Rd7 (24... Bxh6 25. Qxh6+) 25. Rxg6 Nac7 26. Bxd5 cxd5 27. Rxg7 Rxg7 28. Qh8+ Ke7 29. Qxg7+ Kd8 30. exd6 {[%csl Gd6][%cal Rg7c7]} Nb5 31. Re1 Ra7 32. Nxe6+ Kc8 33. Qe5 Qc6 34. Qh8+ {Precision: White = 57%, Black = 30%.} 1-0

[Event "Tatry Open 2018"]
[Site "Tatranska Lomnica"]
[Date "2018.09.30"]
[Round "1"]
[White "Mrvova, Alena"]
[Black "Plasil, Petr"]
[Result "1-0"]
[WhiteElo "2200"]
[BlackElo "2004"]
[Annotator "TA"]
[PlyCount "109"]
[EventDate "2018.09.30"]
[EventType "swiss"]
[EventCountry "SVK"]
[SourceTitle "playchess.com"]
[Source "ChessBase"]
[SourceQuality "1"]

{[%evp 9,109,-21,0,-16,-8,-2,0,-8,0,0,0,-1,0,0,60,22,32,0,0,0,0,0,31,15,57,55,124,114,108,104,91,28,108,111,108,42,46,0,45,29,40,0,9,0,0,0,0,0,0,0,0,0,28,28,39,25,33,33,31,31,126,116,118,123,108,126,116,45,137,126,117,23,183,191,474,491,470,460,255,218,241,241,345,329,333,319,364,314,289,234,234,236,1126,712,2172,2124,29986,684,646,592,539,450]} 1. e4 c5 2. g3 d5 3. Bg2 dxe4 4. Bxe4 Nf6 5. Bg2 Bg4 6. Ne2 {B20: Sicilian: Unusual White 2nd moves} Nc6 {With the idea ...Nd4.} 7. h3 Bf5 (7... Bh5 8. Nbc3 e6 9. O-O Be7 10. d3 O-O 11. Be3 Nd4 {0-1 (57) Kowalczyk,P (2337)-Rutkowski,M (2368) Wroclaw 2018}) 8. d3 {The position is equal.} Qd7 $146 ({Predecessor:} 8... e5 9. O-O Qd7 10. Kh2 Bd6 11. Nbc3 O-O-O {½-½ (45) Stankovic,M (2155)-Medvegy,N (2155) Litomysl 1994}) 9. g4 {[%cal Bg3g4,Bg4g5][%mdl 32]} Bg6 10. Nf4 e6 11. Nc3 a6 (11... Bd6 $11) 12. g5 Ng8 13. Nxg6 hxg6 14. Be3 Nd4 15. Ne4 $36 {[%mdl 2048] White has the initiative.} Rc8 16. Qd2 Nf5 17. O-O-O $1 Bd6 (17... Nh4 $14 18. Bf1 Ne7) 18. Nxd6+ $16 Nxd6 19. Qa5 Rh4 20. f4 ({Better is} 20. Bxc5 $16 Ne7 21. Kb1) 20... Nb5 (20... Ne7 $11) 21. Qe1 Rh8 22. Kb1 (22. Qf2 $16) 22... Ne7 $14 23. Bc1 Nf5 24. c3 Rh4 25. Rf1 Qd6 26. a4 ({Don't go for} 26. Bxb7 $2 Qb6 $19) 26... Nc7 27. Bxb7 Rb8 28. Be4 Rxh3 29. Rh1 Rxh1 30. Qxh1 Nd5 31. Bxd5 exd5 32. Re1+ Kd7 33. Re5 Ne7 $1 34. Qh3+ Nf5 (34... Kc7 $14) 35. c4 $16 dxc4 36. dxc4 Kc7 37. Rd5 Qe7 38. Qd3 ({White should play} 38. Qc3 $16) 38... Nd4 (38... Rd8 $1 $14) 39. Re5 Qd6 40. Qe4 (40. Bd2 $16) 40... Nf5 $2 {[#]} (40... Nb3 $1 $11) 41. Rd5 $18 Qf8 $2 (41... Qe7 42. Qxe7+ Nxe7 43. Rxc5+ Kb7) 42. Bd2 (42. Qe5+ Kc6 $16) 42... Re8 43. Ba5+ Kb8 44. Re5 Rxe5 45. Qxe5+ Qd6 (45... Ka8 $142 46. Qd5+ Kb8) 46. Qe8+ Kb7 47. Qxf7+ Kc6 {intending ...Qd1+.} 48. Qe8+ Kb7 49. Qe4+ Ka7 {[#] aiming for ...Qd1+.} 50. Qd5 Qxf4 $2 (50... Kb8 51. Qg8+ Kb7 52. Qf7+ Ne7) 51. Qxc5+ Ka8 52. Qc8+ Ka7 53. Qc7+ (53. Bb4 $142 Qf1+ 54. Ka2 Qg1 55. Bc5+ Qxc5 56. Qxc5+ Ka8 57. Qc8+ Ka7 58. c5) 53... Qxc7 54. Bxc7 Nd4 55. Bf4 {Precision: White = 56%, Black = 22%.} 1-0